000 01012pam a2200301 a 4500
001 3962162
003 OSt
005 20170518103151.0
008 941024s1995 mdua b 001 0 eng c
010 _a 94040830
020 _a0834205718
040 _aMMU
_cMMU
_dMMU
_bENG
050 0 0 _aRT89
_b.B287 1995
060 1 0 _aWY 105 S844n 1995
082 0 0 _a362.1/73/068
_220
100 1 _aBarnum, Barbara Stevens.
245 1 4 _aThe nurse as executive /
_cBarbara Stevens Barnum, Karlene M. Kerfoot.
250 _a4th ed.
260 _aGaithersburg, Md. :
_bAspen Publishers,
_c1995.
300 _axii, 356 p. :
_bill. ;
_c26 cm.
504 _aIncludes bibliographical references and index.
650 0 _aNursing services
_xAdministration.
650 1 2 _aNursing, Supervisory.
700 1 _aKerfoot, Karlene M.
906 _a7
_bcbc
_corignew
_d1
_eocip
_f19
_gy-gencatlg
942 _2lcc
_cLOAN LOAN
999 _c24117
_d24117